000 00445nam a2200157Ia 4500
008 230917s9999||||xx |||||||||||||| ||und||
020 _cDM39.1
040 _e19110
_aMAIN
041 _aEnglish
082 _a515.7 H497R
100 _aHewitt, Edwin
245 0 _aReal and abstract analysis: A modern treatment of the theory of functions of a real variable
260 _aNew York
_bSpringer-Verlag
_c1975
300 _ax, 476 p.
942 _cBK
999 _c171631
_d171631